MDQL
is popping MORE tags! Check the
thread
!
Quizzes
Events
Quiz Creation
Community
Videos
Private Events
Remove Ads
Sign In
Join for FREE
Feedback
Dark Mode
Quiz Categories
Sports
Geography
Music
Movies
Television
Just For Fun
Miscellaneous
History
Literature
Language
Science
Gaming
Entertainment
Religion
Holiday
For Kids
Quiz Lab
Recent
Popular Today
Quiz Kudos Today
Editor Picks
Curator Picks
Quizzes by...
Day
Popularity
Type
Ratings
Length
Year
Community
Subscriptions
Recent Discussions
Orange Saloon
Badges
Playlists
Quests
Create
Leaderboards
Showdown
Live 5
Trivia Bingo
Activity
Puzzle Library
Sporcle Events
Private Events
Virtual Trivia
Globe League
Become a Host
Pub Owners
SporcleCon
Opinionation
Our Games
Videos
Blog
Mobile Apps
Partnerships
Remove Ads and Go Orange
Feedback
Music
Pop Music
The Beatles
Song
Album
Lyrics
Bands
Singers
Artist
Clip
Rock
Rap
Classical
Billboard
Country Music
Kpop
Taylor Swift
Music
Pop Music
The Beatles
Song
Album
Lyrics
Bands
Singers
Artist
Clip
Rock
Rap
Classical
Billboard
Country Music
Kpop
Taylor Swift
Random Quiz
Search Sporcle
×
Quiz Lab
Quiz Lab
Music
Album
Type in answers that appear in a list
Type in answers that appear in a list
Classic
Best Score? Go Orange.
The Devil Wears Prada Discography Stats
Can you name the the songs off of The Devil Wears Prada's studio albums?
By
zeldafreak55
10m
33 Questions
182 Plays
182 Plays
182 Plays
Comments
Comments
Give Quiz Kudos
Give Quiz Kudos
-
- Ratings
hide this ad
Replay
Link that replays current quiz
Next Quiz
Link to next quiz in quiz playlist
You Got
0%
They Got
Avg Score
52%
Avg Friend Score
Upgrade to see
Score Distribution
Jump to the score distribution portion of the page
Score
0/33
Timer
10:00
0
Plays Today
% Correct
Still Fly
87.4%
Hey John, What's Your Name Again?
79.1%
Dogs Can Grow Beards All Over
70.3%
Reptar, King of the Ozone
68.7%
Dez Moines
67.6%
Sassafras
67%
Goats On A Boat
65.4%
Danger: Wildman
63.7%
Ben Has A Kid
63.2%
Big Wiggly Style
61.5%
Louder Than Thunder
61.5%
HTML Rulez D00d
60.4%
Lord Xenu
58.2%
Nickels is Money Too
54.4%
I Hate Buffering
53.8%
Texas Is South
52.2%
Don't Dink and Drance
52.2%
% Correct
Number Three, Never Forget
50%
This Song Is Called
50%
Swords, Dragons & Diet Coke
49.5%
The Scorpion Deathlock
47.8%
Wapakalypse
47.8%
You Can't Spell Crap Without 'C'
47.3%
Gimme Half
46.2%
Assistant to the Regional Manager
45.6%
Rosemary Had An Accident
42.9%
Salvation
36.3%
Gauntlet of Solitude
34.6%
The Ascent
33.5%
Redemption
33.5%
Who Speaks Spanish, Colon Quesadilla
32.4%
And the Sentence Trails Off...
28.6%
Modeify the Pronunciation
25.8%
Quiz Playlist
Details
Report
Send in Message
Add To Playlist
Classic:
Type in answers that appear in a list
Last Updated: Feb 16, 2017
Quiz Scoreboard
CHALLENGE
Sign Up to Join the Scoreboard
Show All
Scores
Hide
Comments
May contain spoilers
Recently Published
Colored Red Africa Blitz
by spor1
Geography
30s
Find the 'City' Movie
by crazypaving
Movies
60s
5x2 Blitz: Bands
by SL_Kpop136
Music
30s
More to Explore
Quiz From the Vault
Featured Blog Post
14 Easter Pick-up Lines to Find Eggs With
hide this ad
You Might Also Like...
Tags
Album Quiz
Song Quiz
Devil
Discography
prada
studio
The Devil
Wear
Today's Top Quizzes in Music
Browse Music
hide this ad
Today's Top Quizzes in Album
Browse Album
Top Contributed Quizzes in Music
1
5X2 Blitz: Bands II
2
Taylor Swift Logic Puzzle II
3
Taylor Swift All Songs (2024)
4
5X2 Blitz: The Beatles
5
5X2 Blitz: Billboard
6
5X2 Blitz: Singers
7
5X2 Blitz: Album
8
5X2 Blitz: Rock
9
Music Artist by Three 2010s hits
10
5X2 Blitz: Billboard II
Explore More
Trending Topics
Harry Potter
Anime
NBA
Kpop
Marvel
Disney
Crossword
NFL
Pokémon
WWE
Soccer
Puzzle
The Office
Song
Country
hide this ad
More By:
zeldafreak55
Quiz
Plays
Rating
Category
Featured
Created
Huge Natural Science Grab Bag
3,302
3.96
Science
Jun 14, 2010
Will Smith Saves...
1,768
4.00
Movies
Nov 16, 2009
First Five Seconds Clip Challenge
320
4.30
Music
Jun 5, 2010
Oscar Best Picture Character Blitz
306
4.00
Movies
Jun 19, 2011
The Devil Wears Prada Discography
182
5.00
Music
Nov 4, 2009
Go to Creator's Profile
Score Distribution
Quiz Creator Spotlight
zeldafreak55
Follow
Send a Message
Quizzes Created
-
Created Quiz Play Count
-
More By This Creator
Popular Quizzes Today
1
Find the 'City' Movie
2
5x2 Blitz: Bands
3
Colored Red Africa Blitz
4
Find the US States - No Outlines Minefield
5
The Countries of the World
6
Find the US States
7
9x9 Crossword: Cartoon Network
8
US States
More Music Quizzes
Initially Yours: Music
Published
Trending Quizzes
Colored Red Europe Blitz I
Colored Red Africa Blitz II
Colored Red Europe Blitz III
Colored Red Europe Blitz II
Colored Red Africa Blitz III
Recently Updated
Champions League XIs: Real Madrid
pecheneg
Largest US Cities 1790-2010
pecheneg
Rides in Walt Disney World
pecheneg
Most Oscar Losses (Acting)
pecheneg
Beyoncé Albums
pecheneg
Leaping Animals
pecheneg
Reality TV Shows (A-Z)
bhenderson79
Rickey Henderson's Hall of Fame Teammates
pecheneg
Champions League XIs: Arsenal
pecheneg
Quick Pick: Celebrities in WWE's Hall of Fame
aduchscher
Trending Topics
Marvel
Crossword
Kpop
NBA
Disney
Anime
Harry Potter
Soccer
Pokémon
WWE
Country
Puzzle
NFL
The Office
Song
Your Account Isn't Verified!
In order to create a playlist on Sporcle, you need to verify the email address you used during registration. Go to your
Sporcle Settings
to finish the process.
Report this User
Report this user for behavior that violates our
Community Guidelines
.
Details:
Send Report
Go to the Sporcle.com Mobile Site →
Comments